| 000 | 00656nam a2200253Ia 4500 | ||
|---|---|---|---|
| 003 | OSt | ||
| 005 | 20221005100354.0 | ||
| 006 | a|||||r|||| 00| 0 | ||
| 007 | ta | ||
| 008 | 221004b |||||||| |||| 00| 0 eng d | ||
| 024 | _a8185 | ||
| 037 | _cTextual | ||
| 040 |
_aCRL _cCRL _beng |
||
| 041 |
_2eng _aeng |
||
| 082 | _aZ1,52, M4 | ||
| 110 | _aUNESCO | ||
| 245 | 0 |
_aProtection of movable cultural property _b Compendium of legistative texts |
|
| 260 |
_aRome _bUnesco France _c1984 |
||
| 300 |
_a392p. _ccm. |
||
| 650 | _aINTERNATIONAL LAW | ||
| 700 | _aUNESCO | ||
| 942 |
_hZ1,52, M4 _cTEXL _2cc |
||
| 999 |
_c1005173 _d1005173 |
||